[Event "40th Olympiad Open"]
[Site "Istanbul TUR"]
[Date "2012.09.06"]
[Round "9.11"]
[White "Dzhumaev, Marat"]
[Black "Borisek, Jure"]
[Result "1/2-1/2"]
[WhiteTitle "GM"]
[BlackTitle "GM"]
[WhiteElo "2499"]
[BlackElo "2554"]
[WhiteTeam "Uzbekistan"]
[BlackTeam "Slovenia"]
[WhiteFideId "14200236"]
[BlackFideId "14603152"]
[EventDate "2012.08.28"]

1. d4 d5 2. Nc3 Bf5 3. Bg5 Nf6 4. Bxf6 gxf6 5. e3 e6 6. Bd3 Bg6 7. Nf3 c5 8.
dxc5 Bxc5 9. e4 d4 10. Ne2 Nc6 11. a3 Qc7 12. Nd2 O-O-O 13. b4 Be7 14. f4 Bh5
15. O-O Bd6 16. Nc4 Bxf4 17. Rxf4 Bxe2 18. Qd2 Ne5 19. Bxe2 Nxc4 20. Bxc4 Qxc4
21. Qd3 Qxd3 22. cxd3 Kd7 23. Rxf6 Ke7 24. Raf1 Rhf8 25. Rh6 Rh8 26. Rhf6 Rhf8
27. Rh6 Rh8 28. Rf4 Rc8 29. e5 Rc3 30. Rxd4 Rxa3 31. Kf2 Ra2+ 32. Kf3 Rc8 33. g3
Rcc2 34. h4 Rf2+ 35. Kg4 Rae2 36. Rc4 Rxe5 37. Rxh7 Rd5 38. Rc7+ Rd7 39. Rxd7+
Kxd7 40. h5 Ke7 41. Rh8 Rb2 42. h6 Rxb4+ 43. Kf3 Rb1 44. g4 Kf6 45. Rg8 Rh1 46.
Kg3 1/2-1/2

[Event "40th Olympiad Open"]
[Site "Istanbul TUR"]
[Date "2012.09.06"]
[Round "9.16"]
[White "Cheparinov, Ivan"]
[Black "Steel, Henry Robert"]
[Result "1-0"]
[WhiteTitle "GM"]
[BlackTitle "FM"]
[WhiteElo "2681"]
[BlackElo "2397"]
[WhiteTeam "Bulgaria"]
[BlackTeam "South Africa"]
[WhiteFideId "2905540"]
[BlackFideId "14300567"]
[EventDate "2012.08.28"]

1. d4 Nf6 2. c4 g6 3. Nc3 Bg7 4. e4 O-O 5. Nf3 d6 6. Be2 e5 7. O-O Na6 8. Re1 c6
9. Bf1 Bg4 10. d5 Nb4 11. Be2 a5 12. h3 Bd7 13. Rb1 Na6 14. Bg5 h6 15. Be3 Ne8
16. Qd2 Kh7 17. dxc6 Bxc6 18. Rbd1 Nf6 19. Qxd6 Qxd6 20. Rxd6 Nxe4 21. Nxe4 Bxe4
22. Bb6 Nb4 23. c5 Bc6 24. Bc4 Nc2 25. Rc1 Nd4 26. Nxd4 exd4 27. Bd5 Be5 28.
Bxc6 Bxd6 29. Bxb7 Rab8 30. c6 Bf4 31. Rd1 Rfe8 32. Bxa5 Be5 33. Kf1 Re7 34. b3
Kg7 35. Bb6 f6 36. a4 Rbxb7 37. cxb7 Rxb7 38. a5 Kf7 39. Ke2 Ke6 40. Rc1 Kd5 41.
Rc8 Bd6 42. a6 Rxb6 43. a7 d3+ 44. Kf3 Ra6 45. a8=Q+ Rxa8 46. Rxa8 Bc7 47. Ra7
Kc6 48. Rxc7+ Kd5 1-0